00655nam a2200241 a 4500001001300000003000900013005001700022008004100039020001000080082001500090100002200105245002000127260003100147300000900178500003500187505001700222650002700239700002200266902000800288942000700296952009500303999001500398nice12345678IN_TiNIC20260116011831.0050524s1957 lona grp 000 0 eng  ac10000a232.9bCOR aCornell, George W aThey Know Jesus aLondonbPeter Daviesc1957 a255p aincludes index and biblioraphy2 aBibliography aJesus Christ-Biography1 aCornell, George W bSRS cBK 00104070aHMIbHMId2007-06-18g100.00l0o232.9 CORp05744r2007-06-18w2026-01-16yEB c4305d4305